[Event "Milton Keynes 4NCL Major op 11th"]
[Site "Milton Keynes"]
[Date "2016.11.05"]
[Round "3.5"]
[White "Burrows, Nick"]
[Black "Clegg, Robert"]
[Result "0-1"]
[WhiteElo "1894"]
[BlackElo "1791"]
[PlyCount "132"]
[EventDate "2016.11.04"]
[EventType "swiss"]
[EventRounds "5"]
[EventCountry "ENG"]
[SourceTitle "EXT 2023"]
[Source "ChessBase"]
[SourceDate "2022.10.05"]
[SourceVersion "1"]
[SourceVersionDate "2022.10.05"]
[SourceQuality "1"]

1. f4 Nf6 2. Nf3 d6 3. g3 Nc6 4. Bg2 e5 5. d3 exf4 6. Bxf4 Nd5 7. Bd2 Qe7 8. e4 Bd7 9. 0-0 Nb6 10. a4 f6 11. a5 Nc8 12. d4 Bg4 13. Bc3 Qd7 14. Qe1 Be7 15. Nbd2 0-0 16. a6 b5 17. b3 Rb8 18. Nh4 Rb6 19. Nf5 Nb8 20. Nxe7+ Qxe7 21. e5 dxe5 22. dxe5 Qc5+ 23. Kh1 Qxc3 24. Qe4 Be6 25. Nf3 Nxa6 26. Nd4 Nc5 27. Qh4 Qb4 28. exf6 Nd7 29. Be4 g6 30. Nxe6 Rxe6 31. Bd5 Qd6 32. Rad1 Ncb6 33. f7+ Kg7 34. Bxe6 Qxe6 35. Qd4+ Qe5 36. Qf2 Qe6 37. Qd4+ Qe5 38. Qf2 h6 39. Rde1 Qd5+ 40. Kg1 a5 41. Rd1 Qe5 42. Rd3 a4 43. bxa4 bxa4 44. Re3 Qb2 45. Qf4 a3 46. Rb3 Qxc2 47. Rxa3 Qc5+ 48. Qe3 Qxe3+ 49. Rxe3 Nd5 50. Rd3 N7f6 51. Rc1 Rxf7 52. Rc5 Rd7 53. h3 Kf7 54. Ra3 Ke6 55. Kg2 Ne4 56. Rc4 Ke5 57. Kh2 c5 58. Raa4 Ndc3 59. Ra5 Rd2+ 60. Kh1 Kd5 61. Rxc3 Nxc3 62. Ra6 Ne4 63. Rxg6 c4 64. Rxh6 Nxg3+ 65. Kg1 c3 66. Rh8 Ne4 0-1

[Event "Milton Keynes 4NCL Major op 11th"]
[Site "Milton Keynes"]
[Date "2016.11.05"]
[Round "2.5"]
[White "Clegg, Robert"]
[Black "Whitehead, Mark A"]
[Result "1/2-1/2"]
[WhiteElo "1791"]
[BlackElo "1930"]
[PlyCount "43"]
[EventDate "2016.11.04"]
[EventType "swiss"]
[EventRounds "5"]
[EventCountry "ENG"]
[SourceTitle "EXT 2023"]
[Source "ChessBase"]
[SourceDate "2022.10.05"]
[SourceVersion "1"]
[SourceVersionDate "2022.10.05"]
[SourceQuality "1"]

1. d4 Nf6 2. c4 e6 3. Nc3 Bb4 4. f3 d5 5. a3 Bxc3+ 6. bxc3 0-0 7. e3 c5 8. Bd3 Nc6 9. Ne2 b6 10. 0-0 Na5 11. cxd5 c4 12. Bc2 Nxd5 13. e4 Ne7 14. Ng3 Bb7 15. a4 Qc7 16. f4 f5 17. Ba3 fxe4 18. Nxe4 Rxf4 19. Rxf4 Qxf4 20. Bxe7 Bxe4 21. Bxe4 Qxe4 22. Qe1 1/2-1/2

[Event "Dundee & Angus Major"]
[Site "Dundee"]
[Date "2016.10.09"]
[Round "5"]
[White "Aitchison, A Keith"]
[Black "Clegg, Robert"]
[Result "0-1"]
[WhiteElo "1625"]
[BlackElo "1779"]
[PlyCount "50"]
[EventDate "2016.10.07"]
[EventType "swiss"]
[EventRounds "5"]
[EventCountry "SCO"]
[SourceTitle "EXT 2023"]
[Source "ChessBase"]
[SourceDate "2022.10.05"]
[SourceVersion "1"]
[SourceVersionDate "2022.10.05"]
[SourceQuality "1"]

1. d4 Nf6 2. e3 g6 3. Nf3 Bg7 4. c4 d6 5. Nc3 0-0 6. Be2 Nc6 7. a3 e5 8. d5 Ne7 9. e4 a5 10. Be3 Nd7 11. b4 b6 12. 0-0 f5 13. Ng5 Nf6 14. f3 h6 15. Nh3 f4 16. Bd2 g5 17. Kh1 Rf7 18. Rg1 Nh5 19. Bf1 Ng6 20. g4 fxg3 21. hxg3 axb4 22. axb4 Rxa1 23. Qxa1 Rxf3 24. Be2 Nxg3+ 25. Kg2 Nh4+ 0-1

[Event "Dundee & Angus Major"]
[Site "Dundee"]
[Date "2016.10.08"]
[Round "2"]
[White "Clegg, Robert"]
[Black "Flockhart, Hugh"]
[Result "1-0"]
[WhiteElo "1779"]
[BlackElo "1419"]
[PlyCount "71"]
[EventDate "2016.10.07"]
[EventType "swiss"]
[EventRounds "5"]
[EventCountry "SCO"]
[SourceTitle "EXT 2023"]
[Source "ChessBase"]
[SourceDate "2022.10.05"]
[SourceVersion "1"]
[SourceVersionDate "2022.10.05"]
[SourceQuality "1"]

1. d4 Nf6 2. c4 c5 3. d5 g6 4. Nc3 Bg7 5. e4 d6 6. h3 0-0 7. Nf3 b5 8. cxb5 a6 9. Bd2 axb5 10. Bxb5 Ba6 11. Qe2 Qb6 12. a4 Bxb5 13. Nxb5 Na6 14. 0-0 Nc7 15. Nxc7 Qxc7 16. Bc3 Rfb8 17. Nd2 Rb7 18. Nc4 Rba7 19. a5 Qb7 20. Nb6 Re8 21. Qd3 Qa6 22. Qxa6 Rxa6 23. e5 dxe5 24. Bxe5 Rd8 25. Rfd1 Kf8 26. Bc7 Re8 27. d6 exd6 28. Bxd6+ Kg8 29. Bxc5 Nh5 30. Ra2 Nf4 31. b4 Ne2+ 32. Rxe2 Rxe2 33. Rd8+ Bf8 34. Bxf8 f5 35. b5 Re1+ 36. Kh2 1-0

[Event "Dundee & Angus Major"]
[Site "Dundee"]
[Date "2016.10.08"]
[Round "3"]
[White "Kerridge, Simon"]
[Black "Clegg, Robert"]
[Result "0-1"]
[WhiteElo "1499"]
[BlackElo "1779"]
[PlyCount "64"]
[EventDate "2016.10.07"]
[EventType "swiss"]
[EventRounds "5"]
[EventCountry "SCO"]
[SourceTitle "EXT 2023"]
[Source "ChessBase"]
[SourceDate "2022.10.05"]
[SourceVersion "1"]
[SourceVersionDate "2022.10.05"]
[SourceQuality "1"]

1. b3 e5 2. Bb2 d6 3. e3 g6 4. d4 Nd7 5. dxe5 dxe5 6. Bc4 Bg7 7. Qd5 Qf6 8. Nd2 Ne7 9. Qf3 0-0 10. 0-0-0 Nb6 11. Qxf6 Bxf6 12. Ngf3 Nc6 13. Bb5 Bd7 14. Ne4 Bg7 15. Nc5 Bg4 16. Nxb7 Ne7 17. Be2 a5 18. a4 Ned5 19. Nc5 c6 20. h3 Bxf3 21. Bxf3 Rfe8 22. c4 Nb4 23. e4 Ra7 24. Rd2 Bh6 25. Rhd1 Nd7 26. Nxd7 Rxd7 27. Bc3 Red8 28. Bxb4 axb4 29. Kb1 Rxd2 30. Rxd2 Rxd2 31. c5 Rxf2 32. a5 Be3 0-1

[Event "BCF-ch 103rd U160/1900"]
[Site "Bournemouth"]
[Date "2016.08.04"]
[Round "4"]
[White "Clegg, Robert"]
[Black "Dean, Robert A"]
[Result "1/2-1/2"]
[WhiteElo "1800"]
[BlackElo "1808"]
[PlyCount "53"]
[EventDate "2016.08.01"]
[EventType "swiss"]
[EventRounds "5"]
[EventCountry "ENG"]
[SourceTitle "EXT 2019"]
[Source "ChessBase"]
[SourceDate "2018.10.10"]
[SourceVersion "1"]
[SourceVersionDate "2018.10.10"]
[SourceQuality "1"]

1. d4 d5 2. c4 c6 3. Nf3 Nf6 4. Nc3 e6 5. Bg5 h6 6. Bxf6 Qxf6 7. e3 Nd7 8. Bd3 dxc4 9. Bxc4 g6 10. 0-0 Bg7 11. Rc1 0-0 12. b4 Nb6 13. Be2 Qe7 14. b5 Bd7 15. Qb3 Rac8 16. Ne4 cxb5 17. Bxb5 Bxb5 18. Qxb5 Qa3 19. Nc5 Rc7 20. Rc2 Na4 21. Rfc1 Rfc8 22. Nd2 Nxc5 23. dxc5 a6 24. Qb6 Qd3 25. Nb3 Qe4 26. Na5 Bf8 27. Nb3 1/2-1/2